000
00271nam a2200109Ia 4500
008
220204s9999 xx 000 0 und d
082
_a
537.8
_b
ADA
100
_a
Adams, Arlon T
245
0
_a
Electromagnetics for engineers
260
_a
New York
_b
Ronald
_c
1971
942
_c
BK
999
_c
30633
_d
30633